Mathematics for the Million (Record no. 194607)

000 -LEADER
fixed length control field 00869 a2200157 4500
003 - CONTROL NUMBER IDENTIFIER
control field Nust
005 - DATE AND TIME OF LATEST TRANSACTION
control field 20170207154158.0
040 ## - CATALOGING SOURCE
Transcribing agency Nust
082 ## - DEWEY DECIMAL CLASSIFICATION NUMBER
Classification number 510
100 ## - MAIN ENTRY--PERSONAL NAME
Personal name Lancelot Hogben
245 ## - TITLE STATEMENT
Title Mathematics for the Million
Statement of responsibility, etc. Lancelot Hogben
260 ## - PUBLICATION, DISTRIBUTION, ETC.
Place of publication, distribution, etc. london
Name of publisher, distributor, etc. George Allen
Date of publication, distribution, etc. 1949
300 ## - PHYSICAL DESCRIPTION
Extent 686p;
505 ## - FORMATTED CONTENTS NOTE
Formatted contents note Mathematics, The Mirror Of Civilization (Page-13), First Steps In Measurement (Page-36), The Grammar Of Size, Order And Number (Page-69), Euclid Without Tears (Page-111), From Crisis To Crossword Puzzles (Page-189), The Size Of The World (Page-230), The Dawn Of Nothing Or How Algebra Began (Page-283), The World Encompassed Or Spherical Triangles (Page-343), The Reformation Geometry (Page-390), The Collectivization Of Arithmetic (Page-459), The Arithmetic Of Growth And Shape (Page-507), Statistics (Page-571).
538 ## - SYSTEM DETAILS NOTE
System details note Almirah No.127 Shelf No.1
942 ## - ADDED ENTRY ELEMENTS (KOHA)
Source of classification or shelving scheme
Koha item type Book
Holdings
Withdrawn status Lost status Source of classification or shelving scheme Damaged status Not for loan Collection code Permanent Location Current Location Date acquired Total Checkouts Full call number Barcode Date last seen Price effective from Koha item type
            Military College of Signals (MCS) Military College of Signals (MCS) 12/12/2016   510 MIL MCS24538 12/08/2016 12/12/2016 Book
            Military College of Signals (MCS) Military College of Signals (MCS) 12/12/2016   510 MIL MCS24540 12/08/2016 12/12/2016 Book
© 2023 Central Library, National University of Sciences and Technology. All Rights Reserved.